Normal view
MARC view
- robinson, daniel
Entry Personal Name
001 - CONTROL NUMBER
- control field: 2573
003 - CONTROL NUMBER IDENTIFIER
- control field: JO-AjAnu
005 - DATE AND TIME OF LATEST TRANSACTION
- control field: 20230606070727.0
008 - FIXED-LENGTH DATA ELEMENTS
- fixed length control field: 230606|| aca||aabn | a|a d
040 ## - CATALOGING SOURCE
- Original cataloging agency: JO-AjAnu
- Transcribing agency: JO-AjAnu
100 ## - HEADING--PERSONAL NAME
- Personal name: robinson, daniel
670 ## - SOURCE DATA FOUND
- Source citation: Work cat.: (JO-AjAnu)1346: robinson, daniel, author, WILLIAM WORDSWORTH'S POETRY: A Reader's Guide